Da maschio a maschio (MM-Le parole sono importanti)

Kaydedildi:
Detaylı Bibliyografya
Yazar: Di Meo, Emiliano
Materyal Türü: Kitap
Dil:İngilizce
Baskı/Yayın Bilgisi: Indipendente 2020
Etiketler: Etiketle
Etiket eklenmemiş, İlk siz ekleyin!

MARC

LEADER 00000nam a2200000 4500
005 20241009172952.0
008 241009b |||||||| |||| 00| 0 eng d
020 |a 9798655779167 
040 |c GP 
100 |a Di Meo, Emiliano 
245 |a Da maschio a maschio  |b (MM-Le parole sono importanti) 
260 |b Indipendente  |c 2020 
942 |2 ddc  |c BK  |n 0 
952 |0 0  |1 0  |2 ddc  |4 0  |6 808_000000000000000_DIM  |7 1  |9 2086  |a RM  |b RM  |d 2024-10-09  |l 0  |o 808 DIM  |p 776  |r 2024-10-09 17:30:12  |w 2024-10-09  |y BK 
999 |c 1826  |d 1826